000 00342nam a2200133Ia 4500
005 20251222155041.0
008 251222s9999||||xx |||||||||||||| ||spa||
082 _aEDUM.84
100 _aJANICE M. MORSE
245 0 _aAsuntos críticos en los métodos de investigación
250 _a1ra. ed.
264 _bUniv. De Antioquía
942 _cLIB
999 _c36935
_d36935